[Event "Brandenburg-ch Seniors 22nd"]
[Site "Berlin"]
[Date "2006.02.25"]
[Round "6"]
[White "Stoetzer, Juergen"]
[Black "Heyne, Klaus"]
[Result "1/2-1/2"]
[WhiteElo "1195"]
[BlackElo "1145"]
[PlyCount "75"]
[EventDate "2006.02.20"]
[EventType "swiss"]
[EventRounds "9"]
[EventCountry "GER"]
[SourceTitle "EXT 2007"]
[Source "ChessBase"]
[SourceDate "2006.11.23"]
[SourceVersion "1"]
[SourceVersionDate "2006.11.23"]
[SourceQuality "1"]

1. f4 d5 2. Nf3 e6 3. e3 Be7 4. Be2 Nf6 5. 0-0 0-0 6. b3 Nbd7 7. Bb2 a6 8. d4 b5 9. Qd2 Bb7 10. Nc3 Bb4 11. a3 Ne4 12. Qe1 Bxc3 13. Bxc3 Nxc3 14. Qxc3 Nf6 15. Bd3 c6 16. b4 Rc8 17. Rae1 h6 18. e4 dxe4 19. Bxe4 Nxe4 20. Rxe4 c5 21. Re2 Bxf3 22. Rxf3 cxd4 23. Qd3 Rc3 24. Qe4 Rxf3 25. Qxf3 Qa8 26. Qd3 Rd8 27. h3 Qc8 28. Kh2 Qc3 29. Rd2 Qxd3 30. Rxd3 f6 31. Kg3 e5 32. fxe5 fxe5 33. Kf3 Kf7 34. Ke4 Ke6 35. g4 g5 36. c3 Rd5 37. cxd4 Rxd4+ 38. Rxd4 1/2-1/2